Pokémon - Les attaques de Venipatte - Statistiques

Statistiques générales
  • Ce quiz a été pris 11 fois
  • Le résultat moyen est 8 sur 13
Statistiques - réponses
Niveaux Types Noms des attaques % Correct
Départ Poison Dard-Venin
100%
Niveau 12 Poison Queue-Poison
80%
Niveau 4 Roche Roulade
80%
Niveau 36 Poison Toxik
80%
Niveau 28 Normal Bélier
60%
Départ Normal Boul'Armure
60%
Niveau 24 Poison Choc Venin
60%
Niveau 44 Normal Damoclès
60%
Niveau 16 Normal Grincement
60%
Niveau 32 Psy Hâte
60%
Niveau 20 Insecte Piqûre
60%
Niveau 8 Normal Abri
40%
Niveau 40 Poison Piège de Venin
20%
Aucun quiz correspondant
Distribution des résultats
% des personnes avec chaque résultat
Percentile par nombre de réponses
Votre historique - résultats
Vous n’avez pas pris ce quiz